| 000 | 01067cab a2200313 4500 | ||
|---|---|---|---|
| 001 | ABS59009 | ||
| 008 | 090401t1998 xxu||||| |||| 00| 0 eng d | ||
| 035 | _a(Sirsi) u87759 | ||
| 041 | _aeng | ||
| 100 | _aRichardson, C. | ||
| 245 | _aExplaining the bookend effect | ||
| 260 | _c1998 | ||
| 350 | _a0 | ||
| 490 |
_aArchitects` Journal _v208(3) 16 July 1998, 42-44(3) |
||
| 520 | _aExamines the `bookend effect` in Geogian and Victorian terraces, whereby longitudinal expansion of the terrace thrusts the end-of-terrace properties sideways as a whole, including their flank walls. Discusses four London case studies and, considers remedies. Includes references. | ||
| 650 | _aDISTORTION | ||
| 650 | _aFLANK WALLS | ||
| 650 | _aGEORGIAN HOUSES | ||
| 650 | _aLONGITUDINAL EXPANSION | ||
| 650 |
_aParty walls _96258 |
||
| 650 | _aREMEDIES | ||
| 650 | _aSPINE WALLS | ||
| 650 | _aSTABILITY | ||
| 650 | _aTERRACES | ||
| 650 | _aVICTORIAN HOUSES | ||
| 690 | _aBUILDING AND CONSTRUCTION-REPAIRS AND MAINTENANCE | ||
| 942 | _n0 | ||
| 948 | _c31/07/1998 | ||
| 999 |
_c55370 _d55370 |
||